| 000 | 00621nam a2200181Ia 4500 | ||
|---|---|---|---|
| 003 | GCL | ||
| 008 | 140319s9999 xx 000 0 ara d | ||
| 040 |
_aGCL / _cGCL |
||
| 082 | 0 | 4 |
_a219 _bر ا |
| 100 | 1 | _aرفعت سيد احمد | |
| 245 | 1 | 0 |
_aالاسلام وقضايا الصراع : دراسات فى الاسلام وقضايا الصراع العربى الاسرائيلى / _cرفعت سيد احمد |
| 260 |
_a[S.N] : _bالدار الشرقية ، _c1989 |
||
| 300 | _a297 ص | ||
| 490 | _a | ||
| 650 | 0 | 4 | _aالاسلام |
| 650 | 0 | 4 | _aالنزاع العربى الاسرائيلى |
| 942 |
_2ddc _cBK |
||
| 999 |
_c34800 _d34800 |
||